01188nam a2200289 a 4500001001000000003000900010005001700019008004100036040002500077082001600102100004500118240005300163245014000216260003300356300002100389490003400410500002800444650002700472650003600499650003300535700003300568700003800601830004100639942001400680952018700694999001700881000034903DO-SdBNP20250529110806.0111021s1970 mx 000 0 spa d aDO-SdBNPbspacBNPHU axxxxbC372u1 aCaudwell, Cristóbal,d1907-1937960467 0aSome studies about a moribund culturelespañol10aUna cultura moribunda :bla cultura burguesa /cCristobal Caudwell ; versión al español Vicente Romano ; prólogo G. Bernard Shaw. aMéxico :bGrijalbo,c1970. a153 p. ;c18 cm.1 aColección 70. Segunda serie aTraducido del inglés. 0aHistoria social978961 0aClases socialesySiglo XX91062 0aClase media ySiglo XX925891 aRomano, Vicente,etr.9604701 aBernard Shaw, G.,epról.960471 0aColección 70. Segunda serie960472 2ddccLBS1 001050718MOaGRbGRcHDd2011-10-21iLF1l0oxxxx C372up34903-10r2020-06-25w2020-06-25y1zPerteneció a la biblioteca personal de Juan Isidro Jimenes Grullón.ZNo se presta c34394d34394